Statistics for Guess the Flag

Click here to take the quiz!

General Stats

  • This quiz has been taken 41 times
  • The average score is 15 of 16

Answer Stats

Answer% Correct
Australia
100%
Brazil
100%
China
100%
France
100%
United States
100%
Canada
97%
United Kingdom
97%
Argentina
95%
India
95%
Japan
95%
Spain
95%
Italy
89%
South Africa
89%
New Zealand
87%
Iran
84%
Morocco
66%

Score Distribution

Percentile by Number Answered

Percent of People with Each Score

Your Score History

You have not taken this quiz